000 01489nam a2200229 a 4500
001 000693455
003 AM-YeHGA
005 20250617142413.0
008 091028s1977 ru |||||r|||||000|0|rus|d
040 _aAM-YeHGA
041 0 _arus
111 1 _aВсесоюзное научное общество дермато-венерологов. Научно-практическая конференция
_d(1977 ;
_cСуздаль)
245 1 0 _aТезисы докладов научно-практической конференции Всесоюзного научного общества дермато-венерологов совместно с Научным советом по дерматологии и венерологии АМН СССР (28-29 сентября 1977 г., Суздаль) /
_cОтв. ред. А.А. Антоньев ; Центральный научно-исследовательский кожно-венерологический институт МЗ СССР.
260 _aВладимир :
_b[Б. и.],
_c1977.
300 _a110 с. ;
_c21 см.
650 1 4 _aКонференции
650 1 4 _aДерматология
650 1 4 _aНаучные исследования
700 1 _aАнтоньев, Анатолий Анатольевич
_eред.
_4edt
710 2 _aЦентральный научно-исследовательский кожно-венерологический институт МЗ СССР
090 _c258725
999 _c257120
_d257120